Destinačný manažment

Pojem destinačný manažment pochádza z anglickej terminológie Destination Management, kde Destination znamená cieľové miesto a Management riadenie a koordináciu. Pojem destinácia v tomto smere predstavuje cieľovú oblasť v danom geografickom priestore.

Gespeichert in:
Bibliographische Detailangaben
1. Verfasser: Lipovská Lišková, Ľudmila
Format: Buchkapitel
Sprache:Slowakisch
Schlagworte:
Tags: Tag hinzufügen
Keine Tags, Fügen Sie das erste Tag hinzu!

MARC

LEADER 00000naa a2200000 4500
001 0234560
005 20170720091559.6
041 0 |a slo 
044 |a SK 
245 1 0 |a Destinačný manažment  |c Ľudmila Lipovská Lišková 
520 |a Pojem destinačný manažment pochádza z anglickej terminológie Destination Management, kde Destination znamená cieľové miesto a Management riadenie a koordináciu. Pojem destinácia v tomto smere predstavuje cieľovú oblasť v danom geografickom priestore. 
610 2 0 |a manažment destinačný 
610 2 0 |a ruch cestovný 
610 2 0 |a marketing 
100 1 |a Lipovská Lišková, Ľudmila